Trends, networks, and critical thinking in the 21st century (Record no. 365581)
[ view plain ]
| 000 -LEADER | |
|---|---|
| fixed length control field | 00618nam a22002057a 4500 |
| 003 - CONTROL NUMBER IDENTIFIER | |
| control field | 0 |
| 005 - DATE AND TIME OF LATEST TRANSACTION | |
| control field | 20231107091750.0 |
| 008 - FIXED-LENGTH DATA ELEMENTS--GENERAL INFORMATION | |
| fixed length control field | 231107b xxu||||| |||| 00| 0 eng d |
| 020 ## - INTERNATIONAL STANDARD BOOK NUMBER | |
| International Standard Book Number | 978-621-406-277-5 |
| 050 ## - LIBRARY OF CONGRESS CALL NUMBER | |
| Classification number | HM 626 |
| Item number | .M27 2022 |
| 100 ## - MAIN ENTRY--PERSONAL NAME | |
| Personal name | Magalona, Ethel |
| 245 ## - TITLE STATEMENT | |
| Title | Trends, networks, and critical thinking in the 21st century |
| Statement of responsibility, etc | Ethel Magalona |
| 250 ## - EDITION STATEMENT | |
| Edition statement | revised edition |
| 260 ## - PUBLICATION, DISTRIBUTION, ETC. (IMPRINT) | |
| Place of publication, distribution, etc | Manila |
| Name of publisher, distributor, etc | Mindshapers Co., Inc. |
| Date of publication, distribution, etc | c2022 |
| 300 ## - PHYSICAL DESCRIPTION | |
| Extent | xviii, 131 pages ; |
| Dimensions | 25 cm. |
| 504 ## - BIBLIOGRAPHY, ETC. NOTE | |
| Bibliography, etc | Includes bibliographical reference. |
| 650 ## - SUBJECT ADDED ENTRY--TOPICAL TERM | |
| Topical term or geographic name as entry element | Humanities. |
| 650 ## - SUBJECT ADDED ENTRY--TOPICAL TERM | |
| Topical term or geographic name as entry element | Social sciences. |
| 942 ## - ADDED ENTRY ELEMENTS (KOHA) | |
| Source of classification or shelving scheme | Library of Congress Classification |
| Koha item type | Books |
| Withdrawn status | Lost status | Source of classification or shelving scheme | Damaged status | Home library | Current library | Shelving location | Date acquired | Source of acquisition | Sub Shelving location | Total Checkouts | Full call number | Barcode | Date last seen | Price effective from | Koha item type |
|---|---|---|---|---|---|---|---|---|---|---|---|---|---|---|---|
| Library of Congress Classification | Luxembourg Library | Luxembourg Library | Teachers Reference Section | 11/07/2023 | Library Fund | HM 626 .M27 2022 | 21151 | 11/07/2023 | 11/07/2023 | Books |